Advanced engineering mathematics (Record no. 2354)

000 -LEADER
fixed length control field 00457nam a22001937a 4500
001 - CONTROL NUMBER
control field 2354
003 - CONTROL NUMBER IDENTIFIER
control field BD-DhUET
008 - FIXED-LENGTH DATA ELEMENTS--GENERAL INFORMATION
fixed length control field 140922b xxu||||| |||| 00| 0 eng d
020 ## - INTERNATIONAL STANDARD BOOK NUMBER
International Standard Book Number 8121903459
040 ## - CATALOGING SOURCE
Transcribing agency 0
Modifying agency BD-DhUET
082 ## - DEWEY DECIMAL CLASSIFICATION NUMBER
Classification number 510
Item number DAS/2007
100 ## - MAIN ENTRY--PERSONAL NAME
Personal name Dass, H.K.
245 ## - TITLE STATEMENT
Title Advanced engineering mathematics
250 ## - EDITION STATEMENT
Edition statement 17th Rev. ed.
260 ## - PUBLICATION, DISTRIBUTION, ETC. (IMPRINT)
Place of publication, distribution, etc. Ram Nagar
Name of publisher, distributor, etc. S. Chand.
Date of publication, distribution, etc. 2007
300 ## - PHYSICAL DESCRIPTION
Extent xvi,1274p.
650 #0 - SUBJECT ADDED ENTRY--TOPICAL TERM
Topical term or geographic name as entry element Mathematics
942 ## - ADDED ENTRY ELEMENTS (KOHA)
Koha item type General Book
Holdings
Shelving location Location (home branch) Koha normalized classification for sorting Koha issues (times borrowed) Lost status Koha out on loan Copy number Piece designation (barcode) Koha date last borrowed Koha item type Source of classification or shelving scheme Price effective from Koha date last seen Koha full call number Date acquired Not for loan Withdrawn status Sublocation or collection (holding branch) Damaged status
Circulation sectionCentral Library, BUET510DAS20073  11039242022-11-23General Book 2014-09-222023-05-06510/DAS/20072014-09-22  Central Library, BUET 
Circulation sectionCentral Library, BUET510DAS20076 2026-01-2721039252026-01-13General Book 2014-09-222026-01-13510/DAS/20072014-09-22  Central Library, BUET 
Circulation sectionCentral Library, BUET510DAS20074  31039272024-12-01General Book 2014-09-222025-02-10510/DAS/20072014-09-22  Central Library, BUET 
Circulation sectionCentral Library, BUET510DAS20073  41039282023-03-22General Book 2014-09-222023-06-05510/DAS/20072014-09-22  Central Library, BUET 
Circulation sectionCentral Library, BUET510DAS20071  51039292014-11-12General Book 2014-09-222016-02-24510/DAS/20072014-09-22  Central Library, BUET 
Circulation sectionCentral Library, BUET510DAS20072  71039312023-01-11General Book 2014-09-222023-02-28510/DAS/20072014-09-22  Central Library, BUET 
Circulation sectionCentral Library, BUET510DAS20073 2026-04-2961039302026-04-15General Book 2014-09-222026-04-15510/DAS/20072014-09-22  Central Library, BUET 
Circulation sectionCentral Library, BUET510_000000000000000_DAS_20072  81039222019-01-20General Book 2015-01-262019-03-31510/DAS/20072015-01-26  Central Library, BUET 
Circulation sectionCentral Library, BUET510DAS_2007_0000000000000002  91039232025-03-02General Book 2015-09-012025-04-07510DAS/20072015-09-01  Central Library, BUET 
Circulation sectionCentral Library, BUET510_000000000000000_DAS_200711 2024-12-08101039262024-11-24General Book 2017-05-292024-11-24510/DAS/20072007-05-28  Central Library, BUET